Guerra y paz (Record no. 895090)

000 -CABECERA
Campo de control de longitud fija 00596nab a22001817 4500
003 - IDENTIFICADOR DEL NÚMERO DE CONTROL
Campo de control ES-SlBCS
005 - FECHA Y HORA DE LA ÚLTIMA TRANSACCIÓN
Campo de control 20240313212035.0
008 - CÓDIGOS DE INFORMACIÓN DE LONGITUD FIJA
Campo de control de longitud fija 240313s2024 sp ||||| |||| 00| 0 spa d
040 ## - FUENTE DE LA CATALOGACIÓN
Centro catalogador del origen ES-SlBCS
Lengua de catalogación spa
041 ## - CÓDIGO DE LENGUA
Código de lengua del texto/banda sonora o título independiente spa
100 1# - PUNTO DE ACCESO PRINCIPAL-NOMBRE DE PERSONA
9 (RLIN) 416179
Nombre de persona Caero Bustillos, Bemardeth
245 10 - MENCIÓN DE TÍTULO
Título Guerra y paz
Resto del título : Tema monográfico:
Mención de responsabilidad, etc. Bernardeth Caero, Luca Ferracci, Danny Pilario y Michelle Becka
700 1# - PUNTO DE ACCESO ADICIONAL-NOMBRE DE PERSONA
9 (RLIN) 108275
Nombre de persona Ferracci, Luca
700 1# - PUNTO DE ACCESO ADICIONAL-NOMBRE DE PERSONA
9 (RLIN) 103082
Nombre de persona Pilario, Danny
700 1# - PUNTO DE ACCESO ADICIONAL-NOMBRE DE PERSONA
9 (RLIN) 84466
Nombre de persona Becka, Michelle
773 0# - ENLACE AL DOCUMENTO FUENTE
Parte(s) relacionada(s) Núm. 404, 2024, págs. 7-12
Título Concilium
Número de control del registro relacionado Rev134
Número Internacional Normalizado para Publicaciones Seriadas (ISSN) 0210-1041
942 ## - ENTRADA DE ELEMENTOS AGREGADOS (KOHA)
Fuente de clasificaión o esquema
Koha [por defecto] tipo de item Artículos de revista
Holdings
Suprimido Perdido Fuente de clasificación o esquema Estropeado No para préstamo Localización permanente Localización actual Fecha adquisición Préstamos totales Fecha última consulta Fecha del precio de reemplazo Tipo de item de Koha
          San Esteban San Esteban 13/03/2024   13/03/2024 13/03/2024 Artículos de revista

Bibliotecas Dominicos Provincia Hispania, 2016

Con tecnología Koha